Bố già = Godfather

Đã lưu trong:
Bibliografiske detaljer
Hovedforfatter: Bố già
Format: Bog
Sprog:Undetermined
Udgivet: Hà Nội Văn học 1997
Fag:
Tags: Tilføj Tag
Ingen Tags, Vær først til at tagge denne postø!
Thư viện lưu trữ: Trung tâm Học liệu Trường Đại học Cần Thơ
LEADER 00512nam a2200181Ia 4500
001 CTU_20314
008 210402s9999 xx 000 0 und d
082 |a 813.5 
082 |b P994 
100 |a Bố già 
245 0 |a Bố già 
245 0 |b = Godfather 
245 0 |c Bố già, Mario Puzo; Dịch giả: Trịnh Duy Ninh 
260 |a Hà Nội 
260 |b Văn học 
260 |c 1997 
650 |a american fiction - 20th century 
980 |a Trung tâm Học liệu Trường Đại học Cần Thơ